000 00517nam a22001937a 4500
003 OSt
005 20180116183045.0
008 160506b xxu||||| |||| 00| 0 eng d
020 _a0
040 _c0
082 _a620 TRE 2016
100 _aJames Trevelyan
245 _aThe Marking of an Expert Engineer
_cJames Trevelyan
250 _aSpecial Pakistan Edition
260 _aPakistan
_bCRC Press
_c2016
300 _a581 p.
_bPB
440 _aThe Marking of an Expert Engineer
942 _2ddc
_cBK
_k620 TRE 2016
999 _c351393
_d351393